Granada y sus contornos (Record no. 158247)

MARC details
000 -LEADER
campo de control de longitud fija 00826nam a2200193 i 4500
001 - NÚMERO DE CONTROL
campo de control 158247
003 - IDENTIFICADOR DE NÚMERO DE CONTROL
campo de control ES-MaACL
005 - FECHA Y HORA DE LA ÚLTIMA TRANSACCIÓN
campo de control 20230906211055.0
008 - DATOS DE LONGITUD FIJA--INFORMACIÓN GENERAL
campo de control de longitud fija 931025s1858 sp |||| | spa d
100 1# - ENTRADA PRINCIPAL--NOMBRE DE PERSONA
Nombre de persona Luque, José Francisco de.
9 (RLIN) 129155
245 10 - MENCIÓN DEL TÍTULO
Título Granada y sus contornos
Resto del título : historia de esta célebre ciudad desde los tiempos más remotos hasta nuestros días : su arqueología y descripción... / por José Francisco de Luque.
246 35 - FORMA VARIANTE DEL TITULO
Título propio/Titulo breve Historia de Granada y sus contornos
260 ## - PUBLICACIÓN, DISTRIBUCIÓN, ETC.
Lugar de publicación, distribución, etc. Granada :
Nombre del editor, distribuidor, etc. Imp. de su editor Manuel Garrido,
Fecha de publicación, distribución, etc. [1858]
300 ## - DESCRIPCIÓN FÍSICA
Extensión 591 p. ;
Dimensiones 18 cm.
594 ## - Nota al título y mención de responsabilidad
Nota al título y mención de responsabilidad Tít. en anteport. : Historia de Granada y sus contornos.
596 ## - NOTA AL PIE DE IMPRENTA
NOTA AL PIE DE IMPRENTA Catálogo de la Universidad de Granada, lo fecha en 1858.
651 #4 - PUNTO DE ACCESO ADICIONAL DE MATERIA--NOMBRE GEOGRÁFICO
Nombre geográfico Granada-
Subdivisión general Historia.
9 (RLIN) 147377
852 ## - LOCALIZACIÓN
Ubicación ES-MaACL
Número de control de estantería F-13425
Nota libre . - Enc. hol.
Holdings
Estatus retirado Estado de pérdida Estado de daño No para préstamo Colección Biblioteca de origen Biblioteca actual Ubicación en estantería Fecha de adquisición Fuente de adquisición Total de préstamos Signatura topográfica completa Código de barras Visto por última vez Precio de reemplazo Tipo de ítem Koha
        Libros del s. XIX Biblioteca del Ateneo de Madrid Biblioteca del Ateneo de Madrid Sala Pecera Planta 2 17/01/2008     F-13425 1165622 23/02/2023 23/02/2023 Libro impreso antiguo